00581nam a2200169 a 4500001001000000003000900010005001700019007000300036008004100039040002500080082000700105111008000112245002400192260011000216300002100326710006400347000025885DO-SdBNP20220929095013.0ta110224s1987 dr r 000 0 spa d aDO-SdBNPbspacBNPHU 42221 aAsamblea general anual de delegadosd(16: 17-18, julio 1987cSanto Domingo)10aInforme anual 1986. aSanto Domingo :bCooperativa Nacional de Servicios Multiples de los Maestro,c1987.fEditora Alfa y Omega a107 p. ;c21 cm.1 aFederación Dominicana de Cooperativas de Ahorro y Credito